Cezanne (Record n. 91182)
[ formato base ]
| 000 -LEADER | |
|---|---|
| fixed length control field | 02062nam a2200289Ia 4500 |
| 001 - CONTROL NUMBER | |
| control field | H4204 |
| 003 - CONTROL NUMBER IDENTIFIER | |
| control field | IT-RoPAU |
| 008 - FIXED-LENGTH DATA ELEMENTS--GENERAL INFORMATION | |
| fixed length control field | 130308s9999 xx 000 0 und d |
| 040 ## - CATALOGING SOURCE | |
| Original cataloging agency | IT-RoPAU |
| 040 ## - CATALOGING SOURCE | |
| Transcribing agency | IT-RoPAU |
| 041 ## - LANGUAGE CODE | |
| Language code of text/sound track or separate title | ITALIANO |
| 100 ## - MAIN ENTRY--PERSONAL NAME | |
| Personal name | Lapenta Stefania |
| 100 ## - MAIN ENTRY--PERSONAL NAME | |
| Miscellaneous information | Codice Aut. SPICS: 57566 |
| 245 ## - TITLE STATEMENT | |
| Title | Cezanne |
| 245 ## - TITLE STATEMENT | |
| Remainder of title | Cezanne |
| 250 ## - EDITION STATEMENT | |
| Edition statement | 1a ed. |
| 260 ## - PUBLICATION, DISTRIBUTION, ETC. (IMPRINT) | |
| Place of publication, distribution, etc. | MILANO |
| 260 ## - PUBLICATION, DISTRIBUTION, ETC. (IMPRINT) | |
| Name of publisher, distributor, etc. | Corriere Della Sera |
| 260 ## - PUBLICATION, DISTRIBUTION, ETC. (IMPRINT) | |
| Date of publication, distribution, etc. | 2003 [1° Ed.:2003 - Ed.Ling.Originale:2003] |
| 300 ## - PHYSICAL DESCRIPTION | |
| Extent | "192 p. (prefazione: no ; testo: 192 [pagine: 0-0])" |
| 500 ## - GENERAL NOTE | |
| General note | "Presentazione di Alfonso Gatto: Occhio che Vede Dentro Il suo Vedere. La Vita, L'Arte e I capolavori a cura di Lapenta Stefania. Apparati: tavola Cronologica; collocazione Geografica delle Opere; breve Antologia Critica; consigli Bibliografici. I Capolavori: la Maddalena; Natura Morta; ritratto di Achille Emperaire; Vaso, Caffettiera e Frutta; Ragazza al Pianoforte; Paul Alexis legge un manoscritto a Emile Zola; Terrapieno; I Ladri e L'Asino; Pastorale; la Casa dell'Impiccato; la Casa del dottor Gavhet a Auvers; una moderna Olympia; tre Bagnanti; Autoritratto con Berretto; la tentazione di Sant'Antonio; ritratto di Victor Chocquet; cortile di Fattoria a Auvers; I Pioppi; Il Ponte di Maincy; Neve Sciolta a Fontainebleau; Autoritratto con Cappello; Autoritratto; Autoritratto; L'Estaque; Castagni e Fattoria al Jas De Bouffan; Bagnante; Castagni e Fattoria del Jas De Bouffan; Martedi' Grasso; ritratto di madame Cezanne nella Poltrona Gialla; Il Ragazzo con Il Panciotto Rosso; le Rive della Marna; la Casa di Bellevue; Zuccheriera, Bricco e Piatto con Frutta; Bagnanti; ritratto di madame Cezanne; Fumatore di Pipa; I giocatori di Carte; Uomo con Pipa Appoggiato a un Tavolo; donna con Caffettiera; Ponte Sullo Stagno; Natura morta con Mele; Natura morta con Cipolle; strada a Montgeroult; Natura morta con Mele e Arance; Bagnanti; Bouquet" |
| 650 ## - SUBJECT ADDED ENTRY--TOPICAL TERM | |
| Topical term or geographic name as entry element | AUTORI/OPERE DI PITTURA |
| 650 ## - SUBJECT ADDED ENTRY--TOPICAL TERM | |
| Relator term | Codice materia Spics: 5207 |
| 942 ## - ADDED ENTRY ELEMENTS (KOHA) | |
| Koha item type | LIBRO |
| 957 ## - | |
| -- | 1 |
| 999 ## - SYSTEM CONTROL NUMBERS (KOHA) | |
| -- | 1 |
| Withdrawn status | Lost status | Damaged status | Not for loan | Home library | Current library | Date acquired | Total Checkouts | Full call number | Date last seen | Price effective from | Koha item type | Public note |
|---|---|---|---|---|---|---|---|---|---|---|---|---|
| Buone Condizioni | Not For Loan | SPICS-MEDIATECA | SPICS-MEDIATECA | 08/03/2013 | H4204 | 08/03/2013 | 08/03/2013 | LIBRO | Progressivo inserimento: 24029 / N. Volumi: 1 Copie: 1 / data import: 1 marzo 2013 - By Epidotti, Trombetti, Vaglietti. |